LEADER 00984nam0-22003251i-450- 001 990003100290403321 035 $a000310029 035 $aFED01000310029 035 $a(Aleph)000310029FED01 035 $a000310029 100 $a20000920d1963----km-y0itay50------ba 101 0 $aita 102 $aIT 200 1 $aIndustrialization and Society$fEdited by Bert F. Hoselitz, Wilbert E. Moore. 210 $aMouton$cUNESCO$d\c\\1963. 215 $a437 p.$d25 cm 300 $a[Proceedings of the Chicago Conference on Social Implications of Industrialization and Technical Change, 15-22 September 1960] 610 0 $aSociologia economica 676 $a14330 676 $a17310 702 1$aHoselitz,$bBert F. 702 1$aMoore,$bWilbert Ellis 801 0$aIT$bUNINA$gRICA$2UNIMARC 901 $aBK 912 $a990003100290403321 952 $a17310 HOS$b030107$fSES 959 $aSES 996 $aIndustrialization and Society$9459579 997 $aUNINA DB $aING01 LEADER 03590nam 2200505 450 001 996418199303316 005 20210313212527.0 010 $a3-030-56534-3 024 7 $a10.1007/978-3-030-56534-3 035 $a(CKB)4100000011568966 035 $a(DE-He213)978-3-030-56534-3 035 $a(MiAaPQ)EBC6387577 035 $a(PPN)252507835 035 $a(EXLCZ)994100000011568966 100 $a20210313d2020 uy 0 101 0 $aeng 135 $aurnn|008mamaa 181 $ctxt$2rdacontent 182 $cc$2rdamedia 183 $acr$2rdacarrier 200 00$aAdvances in dynamic games $egames of conflict, evolutionary games, economic games, and games involving common interest /$fDavid M. Ramsey, Jerome Renault, editors 205 $a1st ed. 2020. 210 1$aCham, Switzerland :$cBirkha˜user,$d[2020] 210 4$d©2020 215 $a1 online resource (XII, 346 p. 108 illus., 63 illus. in color.) 225 1 $aAnnals of the International Society of Dynamic Games ;$vVolume 17 311 $a3-030-56533-5 320 $aIncludes bibliographical references. 327 $aPart I: Games of Conflict -- Quick Construction of Dangerous Disturbances in Conflict Control Problems -- Isaac's Two-on-One Pursuit-Evasion Game -- A Game Model of Search and Pursuit -- Computation of Robust Capture Zones Using Interval Based Viability Techniques in Presence of State Uncertainties -- Convergence of Numerical Method for Time-Optimal Differential Games with Lifeline -- Part II: Evolutionary Games -- A Partnership Formation Game with Common Preferences and Scramble Competition -- The Replicator Dynamics for Games in Metric Spaces: A Finite-Dimensional Approximation -- Eco-Evolutionary Spatial Dynamics of Non-Linear Social Dilemmas -- Part III: Applications to Economics -- Heuristic Optimization for Multi-Depot Vehicle Routing Problem in ATM Network Model -- Load Balancing Congestion Games and Their Asymptotic Behavior -- Non-Deceptive Counterfeiting and Consumer Welfare: A Differential Game Approach -- Part IV: Games Where Players Have Common Interests -- Equilibrium Coalition Structures of Differential Games in Partition Function Form -- A Model for Partial Kantian Cooperation. 330 $aThis contributed volume collects talks originally given at the 18th International Symposium on Dynamic Games and Applications, held in Grenoble, France from July 9-12, 2018. Chapters present state-of-the-art research in the field of dynamic games and are written by leading experts in this active area. Featuring a broad overview of recent advances as well as a wide range of applications, this book is organized into four sections: games of conflict, evolutionary games, economic games, and games involving common interest. Within these sections, specific topics covered include: Pursuit-evasion games Partnership formation games Replicator dynamics Load balancing congestion games Equilibrium coalition structures Advances in Dynamic Games will be of particular interest to researchers and doctoral students studying game theory. 410 0$aAnnals of the International Society of Dynamic Games ;$vVolume 17. 606 $aGame theory$vCongresses 606 $aEconomics, Mathematical$vCongresses 615 0$aGame theory 615 0$aEconomics, Mathematical 676 $a519.3 702 $aRamsey$b David$g(David Mark), 702 $aRenault$b Jerome 801 0$bMiAaPQ 801 1$bMiAaPQ 801 2$bMiAaPQ 906 $aBOOK 912 $a996418199303316 996 $aAdvances in dynamic games$92141815 997 $aUNISA LEADER 03564nam 22008535 450 001 9910261120803321 005 20251101110036.0 010 $a1-306-79561-3 024 7 $a10.1524/9783486596328 035 $a(CKB)3230000000000413 035 $a(EBL)1346940 035 $a(SSID)ssj0001295117 035 $a(PQKBManifestationID)11843673 035 $a(PQKBTitleCode)TC0001295117 035 $a(PQKBWorkID)11336683 035 $a(PQKB)10514881 035 $a(MiAaPQ)EBC1346940 035 $a(DE-B1597)233597 035 $a(OCoLC)979971165 035 $a(OCoLC)984652364 035 $a(OCoLC)987921498 035 $a(OCoLC)992472344 035 $a(OCoLC)999354277 035 $a(DE-B1597)9783486596328 035 $a(oapen)https://directory.doabooks.org/handle/20.500.12854/59769 035 $a(oapen)doab59769 035 $a(ODN)ODN0002494855 035 $a(EXLCZ)993230000000000413 100 $a20190723d2009 fg 101 0 $ager 135 $aur|n|---||||| 181 $ctxt 182 $cc 183 $acr 200 10$aSozialisten und Radicaux - eine schwierige Allianz $eLinksbündnisse in der Dritten Französischen Republik 1919-1938 /$fDaniela Neri-Ultsch 205 $a1st ed. 210 $cDe Gruyter$d2005 210 1$aBerlin ;$aBoston : $cOldenbourg Wissenschaftsverlag, $d[2009] 210 4$d©2005 215 $a1 online resource (531 p.) 225 0 $aQuellen und Darstellungen zur Zeitgeschichte ;$v63 300 $aDescription based upon print version of record. 311 08$a3-486-57689-5 311 08$a3-486-59632-2 320 $aIncludes bibliographical references and index. 327 $tFront Matter -- $t Faktoren der Bündnispolitik -- $t Cartel des gauches 1924-1926: Möglichkeiten und Grenzen einer koalitionspolitischen Idee -- $t Linksbündnis im Schatten der Krise: Die Union des gauches 1932-1934 -- $t Vom Aufbruch zur Blockade: die Volksfront 1936-1938 -- $tBack Matter 330 $aNach dem Ende des Ersten Weltkrieges sahen sich alle Staaten - Sieger und Besiegte - vor große Herausforderungen gestellt. Sie wurden konfrontiert mit Inflation, Bedrohung des Mittelstandes, Modernisierungsproblemen in Landwirtschaft und Industrie sowie mit einer zunehmenden Radikalisierung der politischen Kräfte. Während einige Demokratien diese Krisen nicht zu meistern vermochten und sich zu Diktaturen wandelten, gelang es der Dritten Republik Frankreichs trotz sichtbarer Schwächesymptome bis 1940 zu überleben. 410 0$aQuellen und Darstellungen zur Zeitgeschichte ;$vBd. 63. 606 $aDritte Französische Republik 1919-1938 606 $aParteiengeschichte 606 $aPolitische Kultur 606 $aRadicaux 606 $aRadikalsozialisten 606 $aLinkspartei$3(DE-601)10542269X$3(DE-588)4167767-5$2gnd 606 $aBündnispolitik$3(DE-601)105714143$3(DE-588)4128860-9$2gnd 606 $aHISTORY / General$2bisacsh 607 $aFrance$xHistory$y20th century 615 4$aDritte Französische Republik 1919-1938. 615 4$aParteiengeschichte. 615 4$aPolitische Kultur. 615 4$aRadicaux. 615 4$aRadikalsozialisten. 615 7$aLinkspartei. 615 7$aBündnispolitik. 615 7$aHISTORY / General. 676 $a940 686 $aNQ 2810$2rvk 700 $aNeri-Ultsch$b Daniela, $0941185 801 0$bDE-B1597 801 1$bDE-B1597 906 $aBOOK 912 $a9910261120803321 996 $aSozialisten und Radicaux - eine schwierige Allianz$92122877 997 $aUNINA